Pays où le hit APT. de Rosé et Bruno Mars s'est classé dans les charts - Statistiques

Statistiques générales
  • Ce quiz a été pris 121 fois
    61 depuis la dernière actualisation
  • Le résultat moyen est 33 sur 77
Statistiques - réponses
Position dans les charts Pays % Correct
2 France
100%
3 États Unis
98%
1 Japon
91%
1 Corée du Sud
89%
12 Espagne
86%
1 Allemagne
84%
1 Canada
84%
2 Royaume Uni
84%
1 Russie
82%
7 Brésil
80%
1 Belgique
77%
1 Australie
75%
8 Italie
68%
1 Mexique
68%
6 Portugal
66%
1 Argentine
64%
1 Inde
64%
1 Suisse
59%
10 Thailande
59%
2 Grèce
57%
15 Finlande
55%
3 Irlande
55%
6 Danemark
50%
1 Nouvelle Zélande
50%
1 Suède
50%
1 Ukraine
50%
7 Vietnam
50%
1 Pologne
48%
1 Turquie
48%
1 Chili
45%
1 Norvège
45%
1 Autriche
43%
1 Luxembourg
43%
1 Pays Bas
43%
1 Indonesie
41%
1 Indonesie
41%
1 Afrique du Sud
39%
1 Colombie
39%
5 Hongrie
39%
3 Croatie
36%
1 Estonie
36%
1 Paraguay
36%
1 Roumanie
36%
1 Islande
34%
5 Lituanie
34%
1 Uruguay
34%
6 Egypte
32%
2 Lettonie
32%
1 Bolivie
27%
1 Equateur
27%
1 Israel
27%
1 Pérou
27%
1 Venezuela
27%
2 Arabie Saoudite
25%
1 Bulgarie
25%
1 Émirats arabes unis
25%
2 Biélorussie
23%
1 Malaisie
23%
1 Moldavie
23%
1 Taiwan
23%
1 Costa Rica
20%
1 Philippines
20%
2 Slovaquie
20%
3 Tchéquie
20%
1 Guatemala
18%
1 Panama
18%
2 Liban
16%
4 Nigeria
16%
21 Nigeria
16%
1 Singapour
16%
13 Nicaragua
14%
1 Salvador
14%
1 Honduras
11%
1 Kazakhstan
11%
16 Suriname
11%
1 République Dominicaine
2%
3 Saint Marin
2%
Aucun quiz correspondant
Distribution des résultats
% des personnes avec chaque résultat
Percentile par nombre de réponses
Votre historique - résultats
Vous n’avez pas pris ce quiz depuis la dernière actualisation